000 00462nmm a2200169Ia 4500
008 251105s9999||||xx |||||||||||||||||und||
020 _a9788497426404
041 _aspa
100 _aVV. AA.
245 0 _aDe animales y hombres
264 _a[Madrid, España] :
_bBiblioteca Nueva,
_c2007
300 _a536 páginas
490 _aRazón y Sociedad
650 _aPhilosophy, Ethics
856 _uhttps://public.digitaliapublishing.com/a/45958
942 _cCF
999 _c90312
_d90312